ネットミームかるた501- - Statistics

General Stats
  • This quiz has been taken 21 times
  • The average score is 2 of 146
Answer Stats
頭文字 ミーム 備考 備考 % Correct
猫ミーム 海外ミーム
61%
ウソダドンドコドーン! シリーズオンドゥル語
28%
クレメンス 『マヂキタ大草原』 元プロ野球選手のロジャー・クレメンス氏と「~してくれ」と掛け合わせたネットスラング
28%
アルハイゼン構文 相手の感情や場の空気を気にせずに相互の判断や行動をはっきりさせる『原神』のアルハイゼンが良く使う文法
17%
謎の遊具 ネットミーム総選挙2023:68位 一見用途が分からない公園の遊具に男性が利用してすっころぶ15秒以内の動画
11%
A a 概要欄で「"もっさんはイケメン"と入れるとリクエストが通りやすくなる」という謎のネタも入れている
11%
ギコギコはしません ネットミーム総選挙2023:68位
6%
食ってみな、飛ぶぞ
6%
ガンジーでも助走つけて殴るレベル 非暴力・不服従である「サティヤーグラハ」のガンジーであったとしても、その愚行に対しての反応はこうだろうという代弁的な揶揄
6%
おかのした 日常生活に使えるか微妙な淫夢語録
6%
D Disaster Girl 海外ミーム 「災害少女」とも呼ばれる、火事の写真を背景に不敵な笑みを浮かべる少女の画像
6%
世間は許してくrえゃすぇんよ 『えー!なんすか!?』の続編
6%
フェルトひろゆき
0%
馬が飛ぶわけないだろ→飛んだあああああ 一度修正されている
0%
パモさん構文
0%
ぎふのポーズ 超速報(年末年始のカメラにて)
0%
どうしてこうなった
0%
膝に矢を受けてしまってな
0%
黒歴史
0%
くぅ~疲れましたw
0%
エル、腹を切りなさい
0%
逆走爺
0%
細川たかしコラ 超速報(数日前に流行り始めたので) 演歌歌手である細川たかしが結婚した時に撮影された写真を元にしたコラ画像シリーズ
0%
ぷんちきぱやっぱーヾ(゚∀゚)ノ♪
0%
ヤマノススメ サブタイトル
0%
エターナルフォースブリザード
0%
やはり暴力・・・・‼暴力は全てを解決する・・・・‼ 『ネットミームかるた2』
0%
先行者
0%
アキラ☆メロン
0%
そらそうよ
0%
きゅっきゅっきゅっニャー
0%
あら、ち○ぽぽ
0%
明らかに合成っぽいトマトで草
0%
アレガデネブアルタイルベガ
0%
くっ、殺せ!
0%
0%
絶叫するビーバー ネットミーム総選挙2023:49位
0%
フォークでステーキを食べる野原ひろし
0%
また髪の話してる
0%
マックカフェコラ 超速報(最近バズっているため) 3種類のラインナップを甘い弟や俺様ツンデレなどの表現がコラ素材になったポスター
0%
らららコッペパン 超速報(サントラのサブスク配信)
0%
閃いてしまったのび太
0%
メジェド様
0%
奇跡の一枚
0%
変態番付
0%
頭を抱えて鳴く猫 海外ミーム
0%
ハッピー米津 超速報(1ヵ月以内)
0%
猫パンチ猫 海外ミーム
0%
なあに、かえって免疫力がつく アナフィラキシーショックなども含めると単なる危険行為なので過度に真似はしないこと
0%
エアーマンが倒せない
0%
パクパクですわ
0%
おやくそく
0%
粉砕!玉砕!大喝采!
0%
ゴノレゴ ごのれご読み
0%
ボーボボ人気投票
0%
ゲームサロン板に「なんのデータ?」というスレで建てられた『DanceDanceRevolution 5thmix』のバグか何か
0%
面構えが違う
0%
荒巻スカルチノフ 『内藤ホライゾン』で紹介されていた
0%
乳揺れ錯視
0%
麻呂
0%
ハンマー状態 コメントで「次は『やわらか戦車』だろ」という予測がたっていた
0%
リヴァイアサンおにぎり 『FF15』においておにぎりとリヴァイアサンのオブジェクトデータやサイズが同じになってしまった珍現象
0%
安価 シリーズネット用語
0%
野々村竜太郎 ネットミーム総選挙2023:15位
0%
でっていう 概要欄に平成ネタがまとめられている
0%
みんなぁー!ドッジボールの時間だァー! 超速報(10周年)
0%
てんどんまんソロ ネットミーム総選挙2023:89位
0%
京大タテカン 超速報 ネットミームかるたそのものがネタにされている
0%
マグロフリスビー丼 超速報(昨日販売終了)
0%
鼻から蟹が食えたこと
0%
きのこたけのこ戦争
0%
わりとどうでもいい
0%
悟り
0%
釣神様
0%
リスニング四天王
0%
出来らぁ!
0%
水を吐くフグ
0%
月島家家族会議
0%
ギュッとしたら透明になれる能力 前回からのShortsの続き
0%
多分これが一番早いと思います
0%
架空の奇病
0%
元気になったんだから、もっと元気出せよ アップロード当時のアニメ界における最大級の皮肉?
0%
お前は何を言っているんだ
0%
ご報告です。 大谷翔平の結婚報告からなるテンプレ
0%
天井貞子 海外ミーム
0%
データなんかねえよ
0%
ですしおすし
0%
てめぇの頭はハッピーセットかよ
0%
サカバンバスピス
0%
強風オールバック 超速報(一周年)
0%
アカネチャンカワイイヤッター
0%
うんちデリバリー 近年のゲーム作品で「PCのユーザ名」を使用する演出に対しての過剰すぎる対策
0%
察しの悪い雨穴 超速報(映画公開中) 同じオモコロの『ネットミーム元ネタかるた』については言及していない
0%
ババーン
0%
邪神モッコス
0%
死んだんじゃないの~?
0%
エネル顔
0%
船堀パロ
0%
見せられないよ! 超速報(人気投票中)
0%
忙しい人向けシリーズ ファスト映画だとかの類ではない
0%
我が名はアシタカ
0%
謎の白い液体
0%
床暖房が熱すぎる
0%
テーレッテレー
0%
片想いハート
0%
チャーハン作るよ!
0%
どっちの女の子にするか迷っている110年前の絵 超速報(1週間以内) チャールズ・ダナ・ギブソンの『The Weaker Sex』をレイクフォレスト大学の1910年の機関誌がパクったビアンカフローラを予感させる風刺画
0%
おにぎりを2つ買うとき KIYOSE CITYがおにぎりの複数購入で同じ味でも構わないという真理にたどり着いた悟り
0%
A ACジャパンはこの活動を支援しています
0%
A Akira Slide
0%
A Azel Cooking 海外ミーム 音楽に合わせてAzelが様々な素材とダンスしながら料理する動画シリーズ
0%
B Bad Apple!! 超速報(15周年)
0%
B Baldi's Basics in Education and Learning 海外ミーム
0%
B Bar Goes Crazy Meme 海外ミーム 中規模バーで開かれている多種多様すぎるパブリックビューイング
0%
C California Gurls Meme 海外ミーム
0%
C Chipi Chipi Chapa Chapa Dooby Dooby Dub Dub 海外ミーム チリの楽曲『Dubidubidu』にケモナーが興奮しそうなアニメをKuowonnが作ったBoykisser
0%
C Crazy Frog Brothers 海外ミーム(実質)
0%
C Cursed Gun 海外ミーム 普通とは異なる拳銃を海外ではこう呼ばれている
0%
D Dancing Toothless Meme 海外ミーム 3DCGのトカゲがさまざまな曲に合わせて踊る動画シリーズ
0%
D Directed by ROBERT B. WEIDE Meme 海外ミーム 海外ドラマ『ラリーのミッドライフ★クライシス』で使用されている手法から生み出された汎用音楽ネタオチ
0%
うそはうそであると見抜ける人でないと (掲示板を使うのは)難しい
0%
D Dumb Ways to Dies 海外ミーム
0%
D D・V・D!!D・V・D!! 『いけないお姉さん』から派生してこのミームそのものがシリーズ化しちゃっている
0%
F First day on the job as a hitman 海外ミーム 暗殺に失敗した新米暗殺者の日常
0%
F Flex Tape 海外ミーム Flex Sealが開発した穴が開いたタンクを一瞬にして修復できるCMで有名な補強テープ
0%
H HappyHappyHappyCat 海外ミーム
0%
H Hey Hey You You Cat 海外ミーム
0%
H How to make Sushi 海外ミーム
0%
H huh?cat 海外ミーム
0%
I I'm so Tired 海外ミーム Anesti Danelisの『I'm so Tired』に合わせた現代社会の闇を引きずり出す自作アニメーションたち
0%
I iPhoneシャワー
0%
I It Runs Doom 超速報(草刈り機DOOM)
0%
L Last time playing my minecraft world 海外ミーム 日本では「最後の生活」という名称で有名なマイクラでの最終プレイ時の定番
0%
M Maxwell the Cat 海外ミーム
0%
終 制作・著作NHK
0%
O Ohio Meme 海外ミーム 2016年にオハイオ州をネタにした画像で日本のグンマーと同じぐらい大ブレイクした謎の巨大地域
0%
P PayPay構文 ファミリマートのファミチキでチキンを抜いてファミリマートそのものをpaypay購入する頓智話
0%
R Rambling Goat 海外ミーム
0%
S SadBananaCat 海外ミーム
0%
S Spinning Chip Meme 海外ミーム リップス・インクの『Funkytown』に合わせてポテチが回る動画から派生した回転
0%
S SUSHI食べたい feat.ソイソース
0%
T Thank You Dark Souls 海外ミーム 『ダークソウル』における初見殺しなどを含めた理不尽な死亡を皮肉込めた感想
0%
T That's Why I Love Nestle Crunch 海外ミーム 海外のネスレクランチCMで特定ポイントで別の動画を組み合わせた定型
0%
T The Lost Ring マクドナルドがオリンピックに合わせて開発・公開した現実世界を舞台にした壮大なるミステリーゲーム
0%
T Things That Look Like Among Us Crewmates 海外ミーム 『Among Us』のクルーに似たものを探す初音ミクにも通じる珍百景
0%
完全勝利UC 解説が難しすぎて若干放棄している
0%
No matching quizzes found
Score Distribution
Percent of People with Each Score
Percentile by Number Answered
Your Score History
You have not taken this quiz